Mystery song - Myslovitz - Statystyki

Ogólne statystyki
  • Ten quiz został rozwiązany 79 razy
  • Średni wynik to 90 z 166
Statystyki odpowiedzi
% Poprawnych
w
85%
na
78%
ja
75%
nie
73%
Nie
73%
To
70%
to
70%
Bo
68%
mi
65%
nawet
63%
Cię
60%
mnie
60%
będę
58%
Ciebie
58%
Co
58%
Dla
58%
sam
58%
tylko
58%
Mógłbym
55%
Nigdy
55%
wszystko
55%
wszystko,
55%
zrobić
55%
chcę
53%
Już
53%
już
53%
powiedz
53%
Przed
53%
stać
53%
wiem
53%
zechcesz
53%
zmienić
53%
dużo
50%
kocham
48%
Naprawdę
48%
uwierzyć
48%
czego
45%
kwiaty
45%
miał
45%
polne
45%
Zrywam
45%
brak
43%
jestem
43%
najrzadszych
43%
patrzeć
43%
Szukam
43%
tych
43%
depresję
40%
głęboką
40%
kim
40%
klatce
40%
mgła
40%
nami
40%
Przez
40%
teraz
40%
Czy
38%
Najchętniej
38%
oczy
38%
Wpadłem
38%
Otwórz
35%
Zamknąłbym
35%
Zamykam
35%
zobacz
35%
czuć
33%
koniec
33%
widzieć
33%
Nie znaleziono quizów pasujących do podanych kryteriów
Rozkład punktacji
Procent ludzi z każdym wynikiem
Percentyl według liczby udzielonych odpowiedzi
Twoja historia wyników
Nie rozwiązałeś tego quizu